Impact assessments for the Scotland and Solway Tweed River Basin Management Plans (Record no. 109116)

MARC details
000 -LEADER
fixed length control field 01174cad a22002295a 4500
001 - CONTROL NUMBER
control field E146323
008 - FIXED-LENGTH DATA ELEMENTS--GENERAL INFORMATION
fixed length control field 090109s2008 xxk f s000 0 eng d
020 ## - INTERNATIONAL STANDARD BOOK NUMBER
International Standard Book Number 9780755919253
035 ## - SYSTEM CONTROL NUMBER
System control number (Sirsi) u146323
041 0# - LANGUAGE CODE
Language code of text/sound track or separate title eng
050 04 - LIBRARY OF CONGRESS CALL NUMBER
Classification number 627.1 $2 18
110 2# - MAIN ENTRY--CORPORATE NAME
Corporate name or jurisdiction name as entry element Entec UK Limited
9 (RLIN) 5684
245 00 - TITLE STATEMENT
Title Impact assessments for the Scotland and Solway Tweed River Basin Management Plans
Remainder of title report on drivers, policies and trends
Medium [electronic resource]
260 ## - PUBLICATION, DISTRIBUTION, ETC.
Place of publication, distribution, etc. Edinburgh
Name of publisher, distributor, etc. Scottish Government
Date of publication, distribution, etc. 2008
520 ## - SUMMARY, ETC.
Summary, etc. Sets out research carried out in connection with the development of impact assessments for the draft Scotland and Solway Tweed River Basin Management Plans. The report examines the main policies and trends relating to the water environment and looks at their potential impact on achieving the environmental objectives set out in the Water Framework Directive.
521 ## - TARGET AUDIENCE NOTE
Target audience note Advanced
590 ## - LOCAL NOTE (RLIN)
Local note KA
651 #4 - SUBJECT ADDED ENTRY--GEOGRAPHIC NAME
Geographic name Scotland
Chronological subdivision 1999-
690 ## - LOCAL SUBJECT ADDED ENTRY--TOPICAL TERM (OCLC, RLIN)
Topical term or geographic name as entry element ENVIRONMENTAL AND LAND CONSULTANCY-WATER RESOURCE MANAGEMENT
856 40 - ELECTRONIC LOCATION AND ACCESS
Uniform Resource Identifier <a href="https://www.scotland.gov.uk/Publications/2009/01/08093750/0">https://www.scotland.gov.uk/Publications/2009/01/08093750/0</a>
Public note View the report free of charge at www.scotland.gov.uk...
942 ## - ADDED ENTRY ELEMENTS (KOHA)
Suppress in OPAC 0
Holdings
Withdrawn status Lost status Source of classification or shelving scheme Damaged status Not for loan Home library Current library Shelving location Date acquired Total Checkouts Full call number Barcode Date last seen Copy number Price effective from Koha item type
    Dewey Decimal Classification     Virtual Virtual Online 09/01/2009   ONLINE PUBLICATION 146323-2001 06/08/2019 1 06/08/2019 Book